000 00806nam a2200265 a 4500
999 _c11029
_d11029
001 11029
003 BD-JhCC
005 20200219134008.0
008 190727s20102017bg |||| |||| 000 0 eng d
020 _a9847002001175
035 _a(BD-JhCC)11029
040 _aBD-JhCC
_dBD-JhCC
041 _aeng
082 _a808.04207
_bHAQ 2017
100 _aHaque, Ataul
245 _aEnglish writing skills /
_cAtaul Haque, Jahurul Islam and Binoy Barman
250 _a3rd ed.
260 _aDhaka :
_bFriends Book Center,
_c2017[reprint].
300 _a431 p. :
_c22 cm.
650 _aEnglish language
_xStudy and teaching (Secondary)
650 _aEnglish language
_vStudy and teaching (Secondary)
_xComposition and exercises
700 _aIslam, Jahurul
700 _aBarma, Binoy
942 _2ddc
_cBK
_02